| 000 | 00913pam a2200301 i 4500 | ||
|---|---|---|---|
| 001 | 4618 | ||
| 003 | FISKH | ||
| 005 | 20240918105236.0 | ||
| 008 | 751105s1976 nyua j 000 1 eng | ||
| 010 | _a 75037944 | ||
| 020 | _a0670733318 | ||
| 020 | _a9780140388268 | ||
| 040 |
_aDLC _cDLC _dDLC _beng |
||
| 050 | _aPZ7.B9836 | ||
| 082 | _a813.54 | ||
| 100 | 1 | _aByars, Betsy Cromer. | |
| 245 | 1 | 4 |
_aThe TV kid / _cBetsy Byars ; illustrated by Richard Cuffari. |
| 260 |
_aNew York : _bPuffin Books, _c1976. |
||
| 300 |
_a118 pages : _c20 cm |
||
| 505 | _aQ | ||
| 520 | _aTo escape failure, boredom, and loneliness, a young boy plunges with all his imagination into the world of television. | ||
| 521 | 8 |
_a680
_bLexile |
|
| 521 | 8 |
_aQ
_bRaz-Plus |
|
| 650 |
_aTelevision _vLoneliness _xSnakes |
||
| 906 |
_a7 _bcbc _corignew _d1 _eocip _f19 _gy-gencatlg |
||
| 942 |
_2ddc _cBK _n0 |
||
| 999 |
_c4618 _d4618 |
||